Croydon industrial space lures leading developers (Record no. 67577)

MARC details
000 -LEADER
fixed length control field 00774cam a2200217 4500
001 - CONTROL NUMBER
control field WB3726-08
008 - FIXED-LENGTH DATA ELEMENTS--GENERAL INFORMATION
fixed length control field 000000n2001 000 0 eng u
035 ## - SYSTEM CONTROL NUMBER
System control number (Sirsi) u113422
245 ## - TITLE STATEMENT
Title Croydon industrial space lures leading developers
260 ## - PUBLICATION, DISTRIBUTION, ETC.
Date of publication, distribution, etc. 2001
490 ## - SERIES STATEMENT
Series statement Estates Gazette
Volume/sequential designation (0126) 30 June 2001, 41(1)
520 ## - SUMMARY, ETC.
Summary, etc. Industrial developers are competing to secure the last 17 ha of available land in Croydon as it bids to become a central distribution spot in south London. Agents will be looking to secure substantial rents of £9 psf.
590 ## - LOCAL NOTE (RLIN)
Local note WB
650 ## - SUBJECT ADDED ENTRY--TOPICAL TERM
Topical term or geographic name entry element INDUSTRIAL DEVELOPMENT
650 ## - SUBJECT ADDED ENTRY--TOPICAL TERM
Topical term or geographic name entry element RENTS
650 ## - SUBJECT ADDED ENTRY--TOPICAL TERM
Topical term or geographic name entry element CROYDON
650 ## - SUBJECT ADDED ENTRY--TOPICAL TERM
Topical term or geographic name entry element LOGISTICS
650 ## - SUBJECT ADDED ENTRY--TOPICAL TERM
Topical term or geographic name entry element DISTRIBUTION SECTOR
690 ## - LOCAL SUBJECT ADDED ENTRY--TOPICAL TERM (OCLC, RLIN)
Topical term or geographic name as entry element PROPERTY-PROPERTY DEVELOPMENT
942 ## - ADDED ENTRY ELEMENTS (KOHA)
Suppress in OPAC 0
Holdings
Withdrawn status Lost status Source of classification or shelving scheme Damaged status Not for loan Home library Current library Shelving location Date acquired Total Checkouts Full call number Barcode Date last seen Copy number Price effective from Koha item type
    Dewey Decimal Classification     London London News article 04/07/2001   WB3726-08 113422-1001 06/08/2019 1 06/08/2019 News article
    Dewey Decimal Classification     London London News article 04/07/2001   WB3726-08 113422-1002 06/08/2019 2 06/08/2019 News article